[Event "NAYCC U12 w"]
[Site "Windsor CAN"]
[Date "2016.08.10"]
[Round "7.127"]
[White "Miyasaka, Julia"]
[Black "Kao, Simona"]
[Result "1-0"]
[WhiteElo "1466"]
[BlackElo "1289"]
[PlyCount "79"]
[EventDate "2016.08.07"]
[EventType "swiss"]
[EventRounds "9"]
[EventCountry "CAN"]

1. e4 e5 2. Nf3 Nc6 3. Bc4 Bc5 4. d3 Nf6 5. c3 d6 6. Nbd2 Be6 7. Bb3 O-O 8. O-O
d5 9. Qe2 Re8 10. h3 dxe4 11. dxe4 Qe7 12. Re1 Rad8 13. Nf1 h6 14. Ng3 a6 15.
Bxe6 Qxe6 16. Nf5 Ne7 17. N3h4 Kh8 18. Qf3 Ng6 19. Qg3 Qb6 20. b4 Bf8 21. Nxg6+
fxg6 22. Qxg6 Qc6 23. a4 Re6 24. Bb2 Rd2 25. Bc1 Rxf2 26. Nxh6 gxh6 27. Kxf2
Qb6+ 28. Be3 Qc6 29. Bxh6 Nxe4+ 30. Qxe4 Qxe4 31. Rxe4 Bxh6 32. Rd1 Re7 33.
Rd8+ Kh7 34. Rb8 c6 35. Rd8 Bg5 36. Rd3 Bh6 37. Rf3 Bd2 38. Ke2 Bh6 39. g4 Bf4
40. Rfxf4 1-0

[Event "NAYCC U12 w"]
[Site "Windsor CAN"]
[Date "2016.08.11"]
[Round "8.128"]
[White "Kao, Simona"]
[Black "Woods, Charisse"]
[Result "0-1"]
[WhiteElo "1289"]
[BlackElo "1442"]
[PlyCount "134"]
[EventDate "2016.08.07"]
[EventType "swiss"]
[EventRounds "9"]
[EventCountry "CAN"]

1. e4 e5 2. Nf3 Nc6 3. Bc4 Bc5 4. d3 h6 5. Nc3 Nf6 6. Be3 Bb6 7. O-O d6 8. h3
O-O 9. a3 Be6 10. Bxe6 fxe6 11. d4 exd4 12. Nxd4 Qd7 13. Qd2 Bxd4 14. Bxd4 Nxd4
15. Qxd4 e5 16. Qd2 Qc6 17. Rfe1 Rf7 18. Re2 Re8 19. Rd1 Ref8 20. Rf1 Nd7 21.
Re3 Nb6 22. b3 Rd7 23. Nd5 Nxd5 24. Qxd5+ Qxd5 25. exd5 Rdf7 26. Re4 Rf4 27.
Rxf4 Rxf4 28. Rd1 Rd4 29. Rxd4 exd4 30. Kf1 Kf7 31. Ke2 Kf6 32. Kf3 Ke5 33. Kg4
g6 34. h4 Kxd5 35. h5 Ke6 36. hxg6 Kf6 37. Kh5 Kg7 38. g4 c5 39. g5 hxg5 40.
Kxg5 b5 41. Kf5 c4 42. bxc4 bxc4 43. Ke4 d3 44. Ke3 dxc2 45. Kd2 Kxg6 46. Kxc2
Kf5 47. Kd2 Kf4 48. Kc3 d5 49. Kd4 Kf3 50. Kc3 Kxf2 51. Kd4 Ke2 52. Kc3 Kd1 53.
a4 a5 54. Kd4 Kd2 55. Kxd5 c3 56. Kc4 c2 57. Kb5 c1=Q 58. Kxa5 Qc5+ 59. Ka6 Qb4
60. a5 Kc3 61. Ka7 Qxa5+ 62. Kb7 Qc5 63. Ka6 Qb4 64. Ka7 Kc4 65. Ka8 Kc5 66.
Ka7 Kc6 67. Ka8 Qb7# 0-1

[Event "NAYCC U12 w"]
[Site "Windsor CAN"]
[Date "2016.08.11"]
[Round "8.129"]
[White "Guo, Hazel"]
[Black "Yellamraju, Aparna"]
[Result "1/2-1/2"]
[WhiteElo "1291"]
[BlackElo "1404"]
[PlyCount "159"]
[EventDate "2016.08.07"]
[EventType "swiss"]
[EventRounds "9"]
[EventCountry "CAN"]

1. e4 e6 2. d4 d5 3. Nc3 Nf6 4. Bg5 Be7 5. e5 Nfd7 6. Bxe7 Qxe7 7. Nf3 a6 8.
Ne2 c5 9. c3 Nc6 10. g3 cxd4 11. cxd4 O-O 12. Bg2 f6 13. exf6 Nxf6 14. O-O Bd7
15. Re1 Qd8 16. Nf4 Re8 17. Rc1 Qb6 18. b3 Bc8 19. Rc3 Qa5 20. Rc2 Ne4 21. Nd3
Nd6 22. Nde5 Nxe5 23. Nxe5 Nb5 24. a4 Nxd4 25. Rb2 Nc6 26. Rb1 Nxe5 27. Rxe5
Bd7 28. Qg4 Qd8 29. Rbe1 Qf6 30. Qb4 Rab8 31. Qd6 Rbd8 32. Qc7 Bc8 33. Bxd5 Rf8
34. Bxe6+ Bxe6 35. Rxe6 Qxf2+ 36. Kh1 Rd2 37. R6e2 Qf3+ 38. Kg1 Rxe2 39. Qc4+
Kh8 40. Qxe2 Qxb3 41. a5 h6 42. Qe7 Qf7 43. Qe3 Qc7 44. Qa3 Rc8 45. Kh1 Qc6+
46. Kg1 Qc5+ 47. Qxc5 Rxc5 48. Re7 Rxa5 49. Rxb7 Ra1+ 50. Kg2 a5 51. Ra7 a4 52.
Kh3 a3 53. Kg4 a2 54. Kh5 Kh7 55. g4 Rh1 56. Rxa2 g6+ 57. Kh4 Kg7 58. Ra7+ Kf6
59. Ra6+ Kf7 60. Ra7+ Ke8 61. Kh3 Rb1 62. Ra6 Rb3+ 63. Kg2 Kf7 64. Ra7+ Kf6 65.
Ra6+ Kg5 66. h3 Rb2+ 67. Kg3 Rb3+ 68. Kg2 Rb7 69. Kg3 Rb3+ 70. Kg2 Rc3 71. Rb6
h5 72. gxh5 Kxh5 73. Rb5+ Kh6 74. Rb2 Rc4 75. Rb3 g5 76. Kg3 Kh5 77. Ra3 Rc1
78. Ra8 Rc3+ 79. Kg2 Rc2+ 80. Kg3 1/2-1/2

[Event "NAYCC U12 w"]
[Site "Windsor CAN"]
[Date "2016.08.11"]
[Round "8.130"]
[White "Venkataraja, Triyakshari"]
[Black "Periappuram, Moira"]
[Result "1-0"]
[WhiteElo "1162"]
[BlackElo "773"]
[PlyCount "145"]
[EventDate "2016.08.07"]
[EventType "swiss"]
[EventRounds "9"]
[EventCountry "CAN"]

1. e4 e5 2. Nf3 Nc6 3. d4 Bd6 4. d5 Nce7 5. Nc3 c6 6. Bc4 h6 7. Be3 Nf6 8. O-O
O-O 9. h3 Ng6 10. Qd2 Kh7 11. Rad1 Ne8 12. dxc6 dxc6 13. Bc5 Be6 14. Bxe6 fxe6
15. Bxd6 Nxd6 16. Qxd6 Qf6 17. Qb4 b6 18. Rd7 Nf4 19. Qd6 Qg6 20. Ne1 Nxh3+ 21.
Kh2 Nxf2 22. Nf3 Qh5+ 23. Kg1 Ng4 24. Qe7 Rg8 25. Qxe6 Raf8 26. Rd2 Rf6 27. Qd7
Rgf8 28. Qxa7 Qg6 29. Qxb6 Rf4 30. Qc5 R8f7 31. Qd6 Qh5 32. Qxc6 Ne3 33. Re1
Rxf3 34. gxf3 Rxf3 35. Rxe3 Rxe3 36. Qc5 Rg3+ 37. Rg2 Rh3 38. Qf8 Rh1+ 39. Kf2
Qh4+ 40. Ke2 Qe1+ 41. Kd3 g5 42. Qe7+ Kg6 43. Qe6+ Kh7 44. Qxe5 Qf1+ 45. Re2
Rh3+ 46. Kc4 Qf7+ 47. Nd5 Qf1 48. Qf5+ Qxf5 49. exf5 g4 50. f6 Kg8 51. Re8+ Kf7
52. Re7+ Kg8 53. Nf4 Rf3 54. f7+ Kf8 55. Ng6+ Kg7 56. f8=Q+ Kxg6 57. Qg7+ Kh5
58. Re5+ Kh4 59. Qxh6+ Kg3 60. Re3 Rxe3 61. Qxe3+ Kh4 62. Qf4 Kh3 63. Qxg4+
Kxg4 64. a4 Kf3 65. a5 Ke2 66. a6 Kd2 67. a7 Kxc2 68. a8=Q Kxb2 69. Qa4 Kb1 70.
Kb3 Kc1 71. Qa2 Kd1 72. Kc3 Kc1 73. Qc2# 1-0

[Event "NAYCC U12 w"]
[Site "Windsor CAN"]
[Date "2016.08.11"]
[Round "8.121"]
[White "Yellamraju, Ambica"]
[Black "Cao, Claire"]
[Result "0-1"]
[WhiteElo "1625"]
[BlackElo "1569"]
[PlyCount "66"]
[EventDate "2016.08.07"]
[EventType "swiss"]
[EventRounds "9"]
[EventCountry "CAN"]

1. e4 e6 2. d4 d5 3. exd5 exd5 4. Bd3 Bd6 5. Ne2 Ne7 6. Bf4 Bf5 7. Bxd6 Qxd6 8.
c3 O-O 9. O-O Nd7 10. Ng3 Bxd3 11. Qxd3 f5 12. Nd2 f4 13. Ne2 Nf6 14. Nf3 Ng6
15. Rae1 Rae8 16. Nc1 Ne4 17. Nb3 Re7 18. Nbd2 Rfe8 19. Qc2 c6 20. h3 Qf6 21.
Nh2 Qf7 22. Ndf3 h5 23. Qd1 Re6 24. Rxe4 dxe4 25. Ng5 Qf5 26. Nxe6 Rxe6 27. f3
e3 28. Re1 Nh4 29. Qe2 Rg6 30. Qc4+ Kh7 31. Re2 Qb1+ 32. Nf1 Nxf3+ 33. Kh1
Qxf1# 0-1

[Event "NAYCC U12 w"]
[Site "Windsor CAN"]
[Date "2016.08.11"]
[Round "8.122"]
[White "Tan, Kylie"]
[Black "Dommalapati, Aasa"]
[Result "1-0"]
[WhiteElo "1383"]
[BlackElo "1583"]
[PlyCount "39"]
[EventDate "2016.08.07"]
[EventType "swiss"]
[EventRounds "9"]
[EventCountry "CAN"]

1. e4 c5 2. Nf3 Nc6 3. Nc3 Nf6 4. Be2 d6 5. d4 cxd4 6. Nxd4 g6 7. Be3 Bg7 8. f3
a6 9. Qd2 O-O 10. O-O-O Qc7 11. g4 b5 12. g5 Nd7 13. Nd5 Qa5 14. Nxc6 Qxa2 15.
Qb4 Qa1+ 16. Kd2 Qxb2 17. Qxb2 Bxb2 18. Ncxe7+ Kh8 19. Nc6 Bg7 20. Nc7 1-0

[Event "NAYCC U12 w"]
[Site "Windsor CAN"]
[Date "2016.08.11"]
[Round "8.123"]
[White "Miyasaka, Julia"]
[Black "Garai, Antara"]
[Result "0-1"]
[WhiteElo "1466"]
[BlackElo "1465"]
[PlyCount "48"]
[EventDate "2016.08.07"]
[EventType "swiss"]
[EventRounds "9"]
[EventCountry "CAN"]

1. e4 c5 2. Nf3 d6 3. d4 cxd4 4. Nxd4 Nf6 5. Nc3 a6 6. Be3 e6 7. f3 b5 8. g4 h6
9. Qd2 Nbd7 10. h4 Qc7 11. Rh3 Ne5 12. Bd3 Bb7 13. Be2 b4 14. Nd1 d5 15. exd5
Nxd5 16. Bf2 Bd6 17. Ne3 Nf4 18. Rh1 Rd8 19. O-O-O Bc5 20. Nf1 Nxf3 21. Qe3
Nxd4 22. Rh2 Ndxe2+ 23. Kb1 Rxd1+ 24. Qc1 Rxc1# 0-1

[Event "NAYCC U12 w"]
[Site "Windsor CAN"]
[Date "2016.08.11"]
[Round "8.124"]
[White "Ehsani, Yassamin"]
[Black "Qiao, Joey"]
[Result "1-0"]
[WhiteElo "1429"]
[BlackElo "1462"]
[PlyCount "75"]
[EventDate "2016.08.07"]
[EventType "swiss"]
[EventRounds "9"]
[EventCountry "CAN"]

1. e4 e5 2. d4 exd4 3. Bc4 Nf6 4. Nf3 Be7 5. e5 Ne4 6. Qxd4 Nc5 7. Be3 Nc6 8.
Qd5 Ne6 9. Nc3 Nb4 10. Qd2 d6 11. O-O-O dxe5 12. Qe2 Bd6 13. Nxe5 Qf6 14. Nf3
Bd7 15. a3 Nc6 16. Bg5 Bf4+ 17. Kb1 Bxg5 18. Nd5 Qd8 19. Nxg5 O-O 20. Nf3 Re8
21. Qd2 Nc5 22. Rhe1 Ne7 23. Ne5 Be6 24. Qd4 b6 25. Nxe7+ Qxe7 26. Bb5 Rf8 27.
Qe3 a6 28. Be2 Rfe8 29. Bf3 Rac8 30. b4 f6 31. Nd3 Nxd3 32. Rxd3 Qf7 33. Qd2
Ba2+ 34. Kb2 Rxe1 35. Qxe1 Bc4 36. Rd4 Re8 37. Qd2 Bb5 38. Bd5 1-0

[Event "NAYCC U12 w"]
[Site "Windsor CAN"]
[Date "2016.08.11"]
[Round "8.125"]
[White "He, Emma"]
[Black "Yang, Elena"]
[Result "1-0"]
[WhiteElo "1446"]
[BlackElo "1221"]
[PlyCount "57"]
[EventDate "2016.08.07"]
[EventType "swiss"]
[EventRounds "9"]
[EventCountry "CAN"]

1. e4 e5 2. Nf3 Nc6 3. Bc4 Bc5 4. c3 Nf6 5. d3 h6 6. O-O O-O 7. Re1 d6 8. d4
exd4 9. cxd4 Bb6 10. h3 Re8 11. Nc3 Bd7 12. Bf4 Ne7 13. Qb3 Rf8 14. e5 dxe5 15.
dxe5 Ng6 16. exf6 Nxf4 17. fxg7 Kxg7 18. Ne4 Nxh3+ 19. gxh3 Bxh3 20. Qc3+ f6
21. Nh4 Qd7 22. Kh2 Bf5 23. Rad1 Qc8 24. Rg1+ Kh8 25. Nxf6 Bxf2 26. Ne8+ Bd4
27. Qxd4+ Rf6 28. Qxf6+ Kh7 29. Qg7# 1-0

[Event "NAYCC U12 w"]
[Site "Windsor CAN"]
[Date "2016.08.11"]
[Round "8.126"]
[White "Velea, Anne Marie"]
[Black "Kuleshova, Julia"]
[Result "1/2-1/2"]
[WhiteElo "1556"]
[BlackElo "1487"]
[PlyCount "83"]
[EventDate "2016.08.07"]
[EventType "swiss"]
[EventRounds "9"]
[EventCountry "CAN"]

1. e4 c5 2. Nf3 d6 3. d4 cxd4 4. Nxd4 Nf6 5. Nc3 a6 6. Be3 e6 7. Be2 Be7 8. O-O
O-O 9. Qd2 b5 10. a3 Bb7 11. f3 Nc6 12. Rad1 Ne5 13. f4 Neg4 14. Bxg4 Nxg4 15.
Rde1 Bf6 16. f5 Nxe3 17. Qxe3 Qb6 18. Nf3 Qc6 19. Nd4 Qc5 20. Nf3 Rac8 21. Kh1
Bxc3 22. bxc3 Qxc3 23. Qg5 Qf6 24. fxe6 fxe6 25. Qxf6 gxf6 26. Re2 Rc3 27. Rd1
Rd8 28. Red2 Bxe4 29. Rxd6 Rxd6 30. Rxd6 Rxa3 31. Rxe6 Ra1+ 32. Ng1 Bxc2 33.
Rxf6 b4 34. h3 b3 35. Rb6 a5 36. Kh2 a4 37. Nf3 a3 38. Nd4 b2 39. Nxc2 b1=Q 40.
Rxb1 Rxb1 41. Nxa3 Rb3 42. Nc4 1/2-1/2

[Event "NAYCC U12 w"]
[Site "Windsor CAN"]
[Date "2016.08.11"]
[Round "8.127"]
[White "Dasari, Srihitha"]
[Black "Farkas, Jezzel"]
[Result "1/2-1/2"]
[WhiteElo "1492"]
[BlackElo "1310"]
[PlyCount "70"]
[EventDate "2016.08.07"]
[EventType "swiss"]
[EventRounds "9"]
[EventCountry "CAN"]

1. e4 c5 2. c3 Nc6 3. d4 cxd4 4. cxd4 e6 5. Nf3 Nf6 6. e5 Nd5 7. Nc3 Bb4 8. Bd2
Nxc3 9. bxc3 Be7 10. Be2 O-O 11. O-O d5 12. Bd3 f6 13. Qe2 fxe5 14. Nxe5 Nxe5
15. dxe5 Rf7 16. Kh1 Bd7 17. f4 Bc6 18. f5 Bd7 19. Rf3 Qc8 20. fxe6 Bxe6 21.
Rxf7 Bxf7 22. Rf1 Qe6 23. Bf5 Qc6 24. Bxh7+ Kxh7 25. Rxf7 Qe6 26. Rf3 Kg8 27.
h3 Rc8 28. Rg3 Bf6 29. Bf4 Rc4 30. Qg4 Qxg4 31. Rxg4 Be7 32. Bd2 Rxg4 33. hxg4
Kf7 34. Bf4 Ba3 35. Be3 a6 1/2-1/2

[Event "NAYCC U12 w"]
[Site "Windsor CAN"]
[Date "2016.08.11"]
[Round "9.128"]
[White "Guo, Hazel"]
[Black "Yang, Elena"]
[Result "0-1"]
[WhiteElo "1291"]
[BlackElo "1221"]
[PlyCount "80"]
[EventDate "2016.08.07"]
[EventType "swiss"]
[EventRounds "9"]
[EventCountry "CAN"]

1. e4 e5 2. Nf3 Nc6 3. Bc4 Bc5 4. c3 d6 5. d3 h6 6. Nbd2 Nf6 7. Bb3 O-O 8. O-O
Be6 9. Bc2 Nd7 10. Re1 f5 11. exf5 Bxf5 12. Bb3+ Kh8 13. Nf1 Bg4 14. N1d2 Qf6
15. h3 Bxh3 16. gxh3 Qg6+ 17. Kf1 Qxd3+ 18. Qe2 Qf5 19. Qe4 Qxh3+ 20. Ke2 Rf4
21. Qd3 Raf8 22. Rg1 Rg4 23. Be6 Nf6 24. Bxg4 Nxg4 25. Nf1 Nxf2 26. Qd5 Ne4 27.
Qxe4 Bxg1 28. Be3 Qg2+ 29. Kd3 Bxe3 30. Kxe3 Rf4 31. Qd5 Qxb2 32. Rd1 Qxc3+ 33.
Rd3 Qc1+ 34. Rd2 Qxf1 35. Rb2 Qc1+ 36. Rd2 Nd4 37. Nh2 Qg1+ 38. Kd3 Qg3+ 39.
Kc4 Nc6+ 40. Kb5 Rb4# 0-1

[Event "NAYCC U12 w"]
[Site "Windsor CAN"]
[Date "2016.08.11"]
[Round "9.129"]
[White "Yellamraju, Aparna"]
[Black "Venkataraja, Triyakshari"]
[Result "1-0"]
[WhiteElo "1404"]
[BlackElo "1162"]
[PlyCount "63"]
[EventDate "2016.08.07"]
[EventType "swiss"]
[EventRounds "9"]
[EventCountry "CAN"]

1. d4 d5 2. c4 dxc4 3. Nc3 Nf6 4. Bf4 Bf5 5. e3 e6 6. Bxc4 Be7 7. Nf3 c6 8. O-O
O-O 9. h3 Nbd7 10. Nh4 Bg6 11. Nxg6 hxg6 12. Re1 Nb6 13. Bd3 Nbd5 14. Nxd5 Nxd5
15. Bg3 Nb4 16. Bc4 Bd6 17. Bxd6 Qxd6 18. a3 Nd5 19. Bb3 Rac8 20. Rc1 Rfe8 21.
Qd2 c5 22. dxc5 Rxc5 23. e4 Rxc1 24. Rxc1 Qb6 25. Ba4 Nf6 26. Bxe8 Nxe8 27. Rc8
Qb5 28. Qd8 Kf8 29. Qd6+ Kg8 30. Qe7 Kh7 31. Qxe8 Qxb2 32. Qh8# 1-0

[Event "NAYCC U12 w"]
[Site "Windsor CAN"]
[Date "2016.08.11"]
[Round "9.130"]
[White "Periappuram, Moira"]
[Black "Kao, Simona"]
[Result "0-1"]
[WhiteElo "773"]
[BlackElo "1289"]
[PlyCount "84"]
[EventDate "2016.08.07"]
[EventType "swiss"]
[EventRounds "9"]
[EventCountry "CAN"]

1. e4 e5 2. Nf3 Nc6 3. Bc4 Bc5 4. O-O d6 5. h3 Nf6 6. d3 O-O 7. Bg5 h6 8. Be3
Bb6 9. Nc3 Be6 10. Bb3 d5 11. exd5 Nxd5 12. Nxd5 Bxd5 13. Ba4 Qe7 14. Nd2 Qd6
15. c4 Be6 16. Ne4 Qd7 17. Kh2 Qe8 18. Qf3 Bxe3 19. fxe3 Bd7 20. Qg3 f5 21. Nc5
Rb8 22. Nxd7 Qxd7 23. Rad1 Qe6 24. Bb3 Na5 25. Bc2 Nc6 26. c5 Qxa2 27. Rb1 Qd5
28. b4 Kh8 29. Qg6 Qf7 30. Qxf7 Rxf7 31. e4 Nd4 32. Bd1 Rbf8 33. Bh5 Rf6 34.
Kg1 fxe4 35. dxe4 g6 36. Bf3 Nxf3+ 37. gxf3 Rxf3 38. Rxf3 Rxf3 39. Kg2 Re3 40.
Rd1 Rxe4 41. b5 Rd4 42. Re1 Rd5 0-1

[Event "NAYCC U12 w"]
[Site "Windsor CAN"]
[Date "2016.08.11"]
[Round "9.122"]
[White "Garai, Antara"]
[Black "He, Emma"]
[Result "0-1"]
[WhiteElo "1465"]
[BlackElo "1446"]
[PlyCount "120"]
[EventDate "2016.08.07"]
[EventType "swiss"]
[EventRounds "9"]
[EventCountry "CAN"]

1. e4 e5 2. Nf3 Nc6 3. Bb5 a6 4. Ba4 Nf6 5. O-O Nxe4 6. Re1 Nc5 7. Nxe5 Be7 8.
Bb3 Nxb3 9. axb3 O-O 10. d4 Nxe5 11. dxe5 d5 12. Nd2 c6 13. h3 Bf5 14. Nf3 Bc5
15. Nd4 Bxd4 16. Qxd4 Bxc2 17. Qg4 Qc8 18. Qg3 Qf5 19. Ra4 Qd3 20. f3 Qxb3 21.
Rg4 Bg6 22. h4 h5 23. Rg5 Kh7 24. e6 Rfe8 25. e7 Rg8 26. Rge5 f6 27. R5e3 Qb6
28. Kh2 Qa7 29. Rb3 b5 30. Rbe3 Qb8 31. Re6 Qxg3+ 32. Kxg3 Rac8 33. Bd2 Rge8
34. Ba5 Kg8 35. Rd6 Kf7 36. Bd8 a5 37. Rc1 Bd3 38. Rcxc6 Rxc6 39. Rxc6 Bc4 40.
Ra6 a4 41. Kf4 d4 42. Ke4 d3 43. Ke3 Rh8 44. Ra7 f5 45. Kf4 Rh6 46. Ba5 Re6 47.
Kxf5 Re2 48. Bc3 d2 49. e8=Q+ Kxe8 50. Ra8+ Kd7 51. Ba5 Bd5 52. Rd8+ Kc6 53.
Bxd2 Rxd2 54. Ke5 b4 55. Rd6+ Kc5 56. Ra6 Re2+ 57. Kf5 Rxb2 58. Rxa4 b3 59. Kg6
Rxg2+ 60. Kf5 b2 0-1

[Event "NAYCC U12 w"]
[Site "Windsor CAN"]
[Date "2016.08.11"]
[Round "9.123"]
[White "Tan, Kylie"]
[Black "Ehsani, Yassamin"]
[Result "1/2-1/2"]
[WhiteElo "1383"]
[BlackElo "1429"]
[PlyCount "150"]
[EventDate "2016.08.07"]
[EventType "swiss"]
[EventRounds "9"]
[EventCountry "CAN"]

1. e4 c5 2. Nf3 d6 3. d4 cxd4 4. Nxd4 Nf6 5. Nc3 a6 6. f3 e5 7. Nb3 Be7 8. Be3
Be6 9. Qd2 Nc6 10. Be2 b5 11. O-O O-O 12. Rfd1 Qc7 13. Rac1 d5 14. exd5 Rfd8
15. Qe1 Nxd5 16. Nxd5 Bxd5 17. Qf2 Qb7 18. a3 Rac8 19. Nc5 Bxc5 20. Bxc5 Nb8
21. Bd3 e4 22. Bxe4 Bxe4 23. fxe4 Qxe4 24. Re1 Qg6 25. Bb4 Nc6 26. Bc3 Re8 27.
Red1 Ne5 28. Rd5 Ng4 29. Qh4 f5 30. Rd7 Ne5 31. Bxe5 Rxe5 32. Qd4 Rce8 33. Rd8
Qe6 34. Rxe8+ Qxe8 35. Qc3 Qe7 36. Rd1 Rc5 37. Qb3+ Rc4 38. Qd3 Re4 39. Qd8+
Qxd8 40. Rxd8+ Kf7 41. Kf2 Kf6 42. Rd6+ Re6 43. Rxe6+ Kxe6 44. Ke3 Ke5 45. b3
g5 46. c3 Kd5 47. Kf3 a5 48. Ke3 a4 49. bxa4 bxa4 50. Kd3 g4 51. g3 Kc5 52. c4
h5 53. Kc3 f4 54. gxf4 h4 55. f5 g3 56. hxg3 hxg3 57. f6 g2 58. f7 g1=Q 59.
f8=Q+ Kc6 60. Qc8+ Kd6 61. Qa6+ Kc7 62. Qa5+ Kc8 63. Qxa4 Qe1+ 64. Kd4 Qf2+ 65.
Kc3 Qf3+ 66. Kb4 Qf8+ 67. Kb5 Qe8+ 68. Ka5 Qd8+ 69. Kb4 Qd2+ 70. Kb5 Qd7+ 71.
Ka5 Qd8+ 72. Ka6 Qd6+ 73. Ka5 Qd8+ 74. Kb4 Qd2+ 75. Kb3 Qd1+ 1/2-1/2

[Event "NAYCC U12 w"]
[Site "Windsor CAN"]
[Date "2016.08.11"]
[Round "9.124"]
[White "Dommalapati, Aasa"]
[Black "Velea, Anne Marie"]
[Result "1/2-1/2"]
[WhiteElo "1583"]
[BlackElo "1556"]
[PlyCount "107"]
[EventDate "2016.08.07"]
[EventType "swiss"]
[EventRounds "9"]
[EventCountry "CAN"]

1. e4 c5 2. Nf3 d6 3. Bb5+ Bd7 4. Bxd7+ Nxd7 5. O-O Ngf6 6. Re1 g6 7. c3 Bg7 8.
d4 O-O 9. Bf4 Nh5 10. Be3 e5 11. dxe5 dxe5 12. Na3 b6 13. Nc2 Kh8 14. g3 f5 15.
exf5 gxf5 16. Nxe5 Nxe5 17. Qxh5 Qd5 18. Red1 Qc6 19. Bf4 Nf3+ 20. Kf1 Qb5+ 21.
Kg2 Qxb2 22. Ne3 Ne5 23. Nxf5 Bf6 24. Nd6 Ng6 25. Bh6 Rfb8 26. Nf7+ Kg8 27. Qd5
Qxc3 28. Ng5+ Kh8 29. Qf7 Bxg5 30. Bxg5 Rf8 31. Qd5 Rae8 32. Rac1 Qb2 33. Qd2
Re2 34. Qxb2+ Rxb2 35. Rd2 Rxd2 36. Bxd2 Rd8 37. Bc3+ Kg8 38. f4 Rd3 39. f5 Nf8
40. Kf2 c4 41. Ke2 b5 42. Bb4 Kf7 43. Rd1 Rd7 44. Rxd7+ Nxd7 45. Ke3 Kf6 46.
Ke4 h5 47. h3 Nb6 48. g4 hxg4 49. hxg4 a6 50. Bc3+ Kg5 51. f6 Nd7 52. f7 Kg6
53. f8=Q Nxf8 54. Kd5 1/2-1/2

[Event "NAYCC U12 w"]
[Site "Windsor CAN"]
[Date "2016.08.11"]
[Round "9.125"]
[White "Kuleshova, Julia"]
[Black "Yellamraju, Ambica"]
[Result "0-1"]
[WhiteElo "1487"]
[BlackElo "1625"]
[PlyCount "86"]
[EventDate "2016.08.07"]
[EventType "swiss"]
[EventRounds "9"]
[EventCountry "CAN"]

1. e4 e6 2. d4 d5 3. e5 c5 4. c3 Nc6 5. Nf3 Qb6 6. Be2 Bd7 7. O-O cxd4 8. cxd4
Nge7 9. Nc3 Nf5 10. Na4 Qc7 11. a3 Be7 12. g4 Nh6 13. h3 Ng8 14. Nh2 h6 15. f4
f6 16. Nf3 g5 17. Bd3 O-O-O 18. b4 Kb8 19. Bd2 Rc8 20. Rc1 Qd8 21. Nc5 h5 22.
b5 Bxc5 23. bxc6 Bxa3 24. cxd7 Rxc1 25. Bxc1 Be7 26. exf6 Nxf6 27. fxg5 Nxd7
28. Re1 hxg4 29. hxg4 Qg8 30. Bf4+ Ka8 31. Qa4 Nb6 32. Qa2 Qf7 33. Ra1 Nc8 34.
Qd2 Rf8 35. g6 Qxf4 36. Qxf4 Rxf4 37. Ne5 Bf6 38. Rf1 Rxf1+ 39. Kxf1 Nb6 40.
Ke2 Kb8 41. g5 Bg7 42. Ke3 Kc7 43. Kd2 Nd7 0-1

[Event "NAYCC U12 w"]
[Site "Windsor CAN"]
[Date "2016.08.11"]
[Round "9.126"]
[White "Woods, Charisse"]
[Black "Dasari, Srihitha"]
[Result "0-1"]
[WhiteElo "1442"]
[BlackElo "1492"]
[PlyCount "150"]
[EventDate "2016.08.07"]
[EventType "swiss"]
[EventRounds "9"]
[EventCountry "CAN"]

1. e4 c5 2. Nf3 d6 3. d4 cxd4 4. Nxd4 Nf6 5. Nc3 g6 6. Be3 Bg7 7. Be2 O-O 8.
O-O Nc6 9. Qd2 Bd7 10. Rad1 Rc8 11. Nxc6 bxc6 12. Bg5 c5 13. e5 Ne8 14. exd6
Nxd6 15. Bxe7 Qxe7 16. Qxd6 Qxd6 17. Rxd6 Be6 18. g3 Rfe8 19. Bf3 Be5 20. Rdd1
Bxc3 21. bxc3 Bxa2 22. Ra1 Bc4 23. Rfc1 Rc7 24. h4 Kg7 25. h5 g5 26. Kg2 Be2
27. Bxe2 Rxe2 28. g4 Re4 29. f3 Re2+ 30. Kf1 Re3 31. Kf2 Rxc3 32. Ra6 Rd7 33.
Rc6 Rd2+ 34. Ke1 Rh2 35. Ra6 Rxf3 36. Rca1 Rxc2 37. h6+ Kf8 38. Rxa7 Re3+ 39.
Kf1 Rh2 40. Kg1 Rxh6 41. Rf1 Re7 42. Ra8+ Kg7 43. Rc8 Re5 44. Rc1 Rh4 45. R8xc5
Rxc5 46. Rxc5 Rxg4+ 47. Kh2 h6 48. Kh3 Rf4 49. Kg3 f6 50. Rc7+ Kg6 51. Rc8 h5
52. Rg8+ Kf5 53. Rh8 h4+ 54. Kg2 Rg4+ 55. Kh2 Re4 56. Rf8 g4 57. Kg2 h3+ 58.
Kh2 Re6 59. Kg3 Ke4 60. Kxg4 h2 61. Rh8 f5+ 62. Kg3 Rg6+ 63. Kf2 f4 64. Rxh2
Rg3 65. Rh4 Rf3+ 66. Ke2 Ra3 67. Kf2 Ra2+ 68. Ke1 Ke3 69. Kf1 f3 70. Kg1 f2+
71. Kf1 Ra1+ 72. Kg2 f1=Q+ 73. Kg3 Qf3+ 74. Kh2 Ra2+ 75. Kg1 Qg2# 0-1

[Event "NAYCC U12 w"]
[Site "Windsor CAN"]
[Date "2016.08.11"]
[Round "9.127"]
[White "Farkas, Jezzel"]
[Black "Miyasaka, Julia"]
[Result "0-1"]
[WhiteElo "1310"]
[BlackElo "1466"]
[PlyCount "110"]
[EventDate "2016.08.07"]
[EventType "swiss"]
[EventRounds "9"]
[EventCountry "CAN"]

1. d4 d5 2. Bf4 Nf6 3. Nf3 e6 4. e3 Be7 5. Bd3 O-O 6. O-O c5 7. c3 b6 8. Nbd2
Nc6 9. h3 Bb7 10. Ne5 Nxe5 11. Bxe5 c4 12. Bc2 b5 13. Nf3 Nd7 14. Bg3 f5 15.
Ne5 Nxe5 16. Bxe5 Bd6 17. Bxd6 Qxd6 18. f4 Qe7 19. g4 Qh4 20. Qf3 Rae8 21. Kh2
Qe7 22. g5 b4 23. h4 bxc3 24. bxc3 Qa3 25. Rfc1 Qxc3 26. Ba4 Qd2+ 27. Kg3 Rb8
28. Qf2 Qxf2+ 29. Kxf2 Ba6 30. Rab1 Rfd8 31. Ke1 Kf7 32. h5 Ke7 33. Kd2 Kd6 34.
Kc2 Bb7 35. Rb2 Bc6 36. Bxc6 Rxb2+ 37. Kxb2 Kxc6 38. Kc3 Rb8 39. Rc2 Rb1 40.
Rh2 Rd1 41. h6 g6 42. Re2 Rd3+ 43. Kc2 Kb5 44. Kb1 c3 45. Kc1 Kb4 46. Kc2 Rd2+
47. Rxd2 cxd2 48. Kxd2 Ka3 49. Kc3 a5 50. Kc2 Kxa2 51. Kc3 Kb1 52. Kb3 Kc1 53.
Ka4 Kd2 54. Kxa5 Kxe3 55. Kb4 Kxd4 0-1

[Event "NAYCC U14"]
[Site "Windsor CAN"]
[Date "2016.08.07"]
[Round "1.51"]
[White "Shlionsky, Aaron"]
[Black "Feng, Richard"]
[Result "1/2-1/2"]
[WhiteElo "2204"]
[BlackElo "1679"]
[PlyCount "114"]
[EventDate "2016.08.07"]
[EventType "swiss"]
[EventRounds "9"]
[EventCountry "CAN"]

1. e4 c5 2. Nf3 d6 3. Bb5+ Bd7 4. Bxd7+ Qxd7 5. O-O Nc6 6. c4 g6 7. d4 cxd4 8.
Nxd4 Bg7 9. Be3 Nf6 10. f3 O-O 11. Nc3 Rfc8 12. b3 Ne8 13. Nde2 Nc7 14. Rc1 Ne5
15. Qd2 b6 16. Rfd1 Rd8 17. a4 Nc6 18. Nb5 Na5 19. Qd3 Na6 20. Qb1 Rdc8 21.
Nbc3 Nc5 22. Bxc5 bxc5 23. Qc2 Rab8 24. Rb1 Nc6 25. Kh1 Qe6 26. Qd2 Nb4 27. Nd5
Rb7 28. Nef4 Qe5 29. Nxb4 cxb4 30. Nd5 Rcb8 31. a5 e6 32. a6 Rd7 33. Nxb4 Qa5
34. Nd3 Qxd2 35. Rxd2 Rb6 36. Ra2 Rc7 37. Ra4 Bc3 38. e5 Bxe5 39. c5 Rb5 40.
Rd1 Rxb3 41. g3 Rc6 42. Nxe5 dxe5 43. Rd7 Rxc5 44. Ra2 Rxf3 45. Rxa7 Rfc3 46.
Rf2 Rc7 47. Rxc7 Rxc7 48. Kg2 Ra7 49. Ra2 e4 50. Kf2 f5 51. Ke3 e5 52. g4 Kf7
53. gxf5 gxf5 54. Ra1 Ke6 55. Ra2 Kd5 56. Ra5+ Kd6 57. Ra2 Kd5 1/2-1/2

[Event "NAYCC U14"]
[Site "Windsor CAN"]
[Date "2016.08.07"]
[Round "1.52"]
[White "Zhang, Zhehai"]
[Black "Titus, Andrew"]
[Result "0-1"]
[WhiteElo "1678"]
[BlackElo "2143"]
[PlyCount "84"]
[EventDate "2016.08.07"]
[EventType "swiss"]
[EventRounds "9"]
[EventCountry "CAN"]

1. e4 c5 2. Nf3 d6 3. d4 cxd4 4. Nxd4 Nf6 5. Nc3 a6 6. Be2 e6 7. O-O Nbd7 8. f4
b5 9. Bf3 Bb7 10. a3 Qc7 11. Kh1 Be7 12. Qe1 O-O 13. f5 e5 14. Nb3 Nb6 15. g4
d5 16. g5 dxe4 17. Nxe4 Nxe4 18. Bxe4 Rfc8 19. c3 Bxe4+ 20. Qxe4 Qc4 21. Nd2
Qxe4+ 22. Nxe4 f6 23. gxf6 gxf6 24. Bh6 Kf7 25. Rg1 Rg8 26. Rg3 Rxg3 27. hxg3
Rd8 28. g4 Rd3 29. Kg2 Nc4 30. Rh1 Kg8 31. Nf2 Rd8 32. Rb1 a5 33. Kh3 a4 34.
Kh4 Kf7 35. Ne4 Rd3 36. g5 Ne3 37. Ng3 fxg5+ 38. Bxg5 Ng2+ 39. Kh3 Nf4+ 40. Kg4
Bxg5 41. Ne4 Be7 42. Rh1 h5+ 0-1